Fr. Conceicao Rodrigues College of Engineering

Systems Programming (Record no. 21607)

MARC details
000 -LEADER
fixed length control field 00356nam a2200169Ia 4500
082 ## - DEWEY DECIMAL CLASSIFICATION NUMBER
Classification number 621.382/DON
Item number DON
100 ## - MAIN ENTRY--PERSONAL NAME
Personal name Donovan/John J
250 ## - EDITION STATEMENT
Edition statement 4
245 ## - TITLE STATEMENT
Title Systems Programming
260 ## - PUBLICATION, DISTRIBUTION, ETC.
Name of publisher, distributor, etc. MC Graw-Hill Pub
Place of publication, distribution, etc. New Delhi
Date of publication, distribution, etc. 2001
366 ## - TRADE AVAILABILITY INFORMATION
Publishers's discount category 20
300 ## - PHYSICAL DESCRIPTION
Extent 488
546 ## - LANGUAGE NOTE
Language note ENGLISH
650 ## - SUBJECT ADDED ENTRY--TOPICAL TERM
Topical term or geographic name entry element Computers
654 ## - SUBJECT ADDED ENTRY--FACETED TOPICAL TERMS
Focus term digital
942 ## - ADDED ENTRY ELEMENTS (KOHA)
Koha item type BOOK
Holdings
Withdrawn status Lost status Damaged status Not for loan Collection Home library Current library Shelving location Date acquired Source of acquisition Cost, normal purchase price Total Checkouts Full call number Barcode Date last seen Cost, replacement price Price effective from Koha item type
        CRC Fr. Agnel's C.Rodrigues College of Engineering Fr. Agnel's C.Rodrigues College of Engineering   17/03/2023 Professional Book house 450.00   621.382/DON DON 17204 17/03/2023 470.00   BOOK